000 00470nam a2200145 4500
999 _c11653
_d11653
008 181217b ||||| |||| 00| 0 eng d
022 _a 2094-8042
082 _aDPer 050 T48 Apr-June 2016 v. 187 n. 12-24
100 _933347
_aReich, Robert
245 _aBernie Sanders:
_bpopulist provocateur/
_cRobert Reich.
260 _aHong Kong:
_bTime Asia,
_cc2016.
300 _av187 n16-17, page 70:
_billustrations;
_c27 cm.
650 0 _933348
_aPolitics.
942 _2ddc
_cPER